Govt. of
Madhya Pradesh

AIIMS DELHI (Record no. 36658)

MARC details
000 -LEADER
fixed length control field 004760000a22001810004500
003 - CONTROL NUMBER IDENTIFIER
control field MACL
005 - DATE AND TIME OF LATEST TRANSACTION
control field 20160102115007.0
008 - FIXED-LENGTH DATA ELEMENTS--GENERAL INFORMATION
fixed length control field 160102b xxu||||| |||| 00| 0 eng d
040 ## - CATALOGING SOURCE
Original cataloging agency MACL
Transcribing agency MACL
041 ## - LANGUAGE CODE
Language code of text/sound track or separate title English
082 ## - DEWEY DECIMAL CLASSIFICATION NUMBER
Classification number 610/RPH
100 ## - MAIN ENTRY--PERSONAL NAME
Personal name Ramesh Publishing House
9 (RLIN) 26818
245 ## - TITLE STATEMENT
Title AIIMS DELHI
Remainder of title Medical Entrance Examination
260 ## - PUBLICATION, DISTRIBUTION, ETC. (IMPRINT)
Name of publisher, distributor, etc. Ramesh Publishing House
Place of publication, distribution, etc. New Delhi
350 ## - PRICE (NR) (BK AM CF MU VM SE) [OBSOLETE]
Price 75
650 ## - SUBJECT ADDED ENTRY--TOPICAL TERM
Topical term or geographic name as entry element Medical Science
9 (RLIN) 26819
942 ## - ADDED ENTRY ELEMENTS (KOHA)
Koha item type Books
Call number prefix 610/RPH
Source of classification or shelving scheme
Holdings
Withdrawn status Lost status Source of classification or shelving scheme Damaged status Not for loan Home library Current library Date acquired Cost, normal purchase price Total Checkouts Full call number Barcode Date last seen Uniform Resource Identifier Price effective from Koha item type
          MACL MACL 15/04/2015 75.00   610/RPH CLE000244 29/04/2015 36869 15/04/2015 Books